000 00414nam a2200169Ia 4500
001 28293
003 IN-NITTTR
005 20251114233350.0
008 251113s9999||||xx |||||||||||||| ||eng||
040 _beng
040 _cIN-NITTTR
041 _aeng
082 _a620.0042 M76D
100 _aMontgomery, Douglas C.
245 0 _aDesign and analysis of experiments /
_cMontgomery, Douglas C.
942 _2ddc
_cBK
999 _c30921
_d30921